| 000 | 01384nam a2200349Ia 4500 | ||
|---|---|---|---|
| 001 | ebr10216933 | ||
| 003 | CaPaEBR | ||
| 006 | m u | ||
| 007 | cr cn||||||||| | ||
| 008 | 851209s1986 ilua sb 001 0 eng d | ||
| 010 | _z 85030904 | ||
| 020 | _z0226726215 | ||
| 020 | _z9780226726212 | ||
| 020 | _z9780226726250 | ||
| 040 |
_aCaPaEBR _cCaPaEBR |
||
| 035 | _a(OCoLC)270933279 | ||
| 050 | 1 | 4 |
_aHJ275 _b.S76 1986eb |
| 245 | 0 | 0 |
_aStudies in state and local public finance _h[electronic resource] / _cedited by Harvey S. Rosen. |
| 260 |
_aChicago : _bUniversity of Chicago Press, _cc1986. |
||
| 300 |
_aix, 236 p. : _bill. |
||
| 490 | 1 | _aNational Bureau of Economic Research project report | |
| 504 | _aIncludes bibliographies and indexes. | ||
| 533 |
_aElectronic reproduction. _bPalo Alto, Calif. : _cebrary, _d2009. _nAvailable via World Wide Web. _nAccess may be limited to ebrary affiliated libraries. |
||
| 650 | 0 |
_aFinance, Public _zUnited States _xStates. |
|
| 650 | 0 |
_aFinance, Public _zUnited States. |
|
| 650 | 0 |
_aLocal finance _zUnited States. |
|
| 655 | 7 |
_aElectronic books. _2local |
|
| 700 | 1 | _aRosen, Harvey S. | |
| 710 | 2 | _aebrary, Inc. | |
| 830 | 0 | _aNational Bureau of Economic Research project report. | |
| 856 | 4 | 0 |
_uhttp://site.ebrary.com/lib/rucke/Doc?id=10216933 _zAn electronic book accessible through the World Wide Web; click to view |
| 999 |
_c128619 _d128619 |
||